The Indian heritage (Record no. 14853)

MARC details
000 -LEADER
fixed length control field 00567nam a2200217Ia 4500
003 - CONTROL NUMBER IDENTIFIER
control field IN-BaIIA
008 - FIXED-LENGTH DATA ELEMENTS--GENERAL INFORMATION
fixed length control field 211028s9999 xx 000 0 eng d
040 ## - CATALOGING SOURCE
Transcribing agency IIA Library
080 ## - UNIVERSAL DECIMAL CLASSIFICATION NUMBER
Universal Decimal Classification number Gen
Item number RAG
100 ## - MAIN ENTRY--PERSONAL NAME
Personal name Raghavan, V
9 (RLIN) 26770
245 #4 - TITLE STATEMENT
Title The Indian heritage
Statement of responsibility, etc. V.Raghavan
250 ## - EDITION STATEMENT
Edition statement 4th ed.
260 ## - PUBLICATION, DISTRIBUTION, ETC.
Place of publication, distribution, etc. Bangalore
Name of publisher, distributor, etc. Indian Institue of World Culture
Date of publication, distribution, etc. 1980
300 ## - PHYSICAL DESCRIPTION
Extent lxxvii, 494p.
650 ## - SUBJECT ADDED ENTRY--TOPICAL TERM
Topical term or geographic name entry element Bhagavad Gita
9 (RLIN) 26771
650 ## - SUBJECT ADDED ENTRY--TOPICAL TERM
Topical term or geographic name entry element Puranas
9 (RLIN) 16090
650 ## - SUBJECT ADDED ENTRY--TOPICAL TERM
Topical term or geographic name entry element Sanskrit
9 (RLIN) 11284
650 ## - SUBJECT ADDED ENTRY--TOPICAL TERM
Topical term or geographic name entry element Upanishads
9 (RLIN) 26772
650 ## - SUBJECT ADDED ENTRY--TOPICAL TERM
Topical term or geographic name entry element Vedas
9 (RLIN) 26773
942 ## - ADDED ENTRY ELEMENTS (KOHA)
Koha item type Books
Holdings
Withdrawn status Lost status Damaged status Not for loan Home library Current library Shelving location Date acquired Cost, normal purchase price Total Checkouts Full call number Barcode Date last seen Cost, replacement price Price effective from Koha item type Purchase Price
        IIA Library-Bangalore IIA Library-Bangalore General Stacks 04/12/2002 65.00   GEN/ RAG 15775 05/11/2021 65.00 04/12/2002 Books Rs. 65.00

Powered by Koha